Seperti bakar kemenyan atas dulang : harapkan rezeki jauh sekali

Bibliographic Details
Main Author: W. S Uzala
Format: Book
Published: Selangor : Eddiplex , 2005
Series:Siri peribahasa dan pembayangnya
Subjects:

MARC

LEADER 00000cam a2200000 7i4500
001 0000006571
005 20151222.0
008 070817
020 |a 9838806323(set) 
020 |a 9838806331 
090 0 0 |a JF   |b NS MAL (6361) 
100 0 |a W. S Uzala 
245 1 0 |a Seperti bakar kemenyan atas dulang :   |b harapkan rezeki jauh sekali   |c W. S Uzala 
260 |a Selangor :   |b Eddiplex ,   |c 2005 
440 0 |a Siri peribahasa dan pembayangnya 
500 |a Children ages 7-9 years old (orange) 
650 0 |a Junior fiction   |x Malay   |x Languages 
650 0 |a Nursery rhymes 
999 |a 0000985553   |b Book   |c Children Collection   |e Cawangan Sri Merlong 
999 |a 0000985555   |b Book   |c Children Collection   |e Perbadanan Perpustakaan Awam Johor 
999 |a 0001054762   |b Book   |c Children Collection   |e Cawangan Bukit Gambir 
999 |a 0001054763   |b Book   |c Children Collection   |e Cawangan Segamat 
999 |a 0001054764   |b Book   |c Children Collection   |e Cawangan Bukit Gambir